<?xml version="1.0" encoding="UTF-8"?>
<record
    xmlns:xsi="http://www.w3.org/2001/XMLSchema-instance"
    xsi:schemaLocation="http://www.loc.gov/MARC21/slim http://www.loc.gov/standards/marcxml/schema/MARC21slim.xsd"
    xmlns="http://www.loc.gov/MARC21/slim">

  <leader>01369nam a22002657a 4500</leader>
  <controlfield tag="005">20170124103158.0</controlfield>
  <datafield tag="010" ind1=" " ind2=" ">
    <subfield code="a">B-072789</subfield>
  </datafield>
  <datafield tag="020" ind1=" " ind2=" ">
    <subfield code="c">00.00</subfield>
    <subfield code="a">8170352800</subfield>
  </datafield>
  <datafield tag="035" ind1=" " ind2=" ">
    <subfield code="a">B-072789</subfield>
  </datafield>
  <datafield tag="037" ind1=" " ind2=" ">
    <subfield code="b">Cen Lib/Ret</subfield>
  </datafield>
  <datafield tag="040" ind1=" " ind2=" ">
    <subfield code="a">DPL</subfield>
    <subfield code="b">HN</subfield>
  </datafield>
  <datafield tag="082" ind1=" " ind2=" ">
    <subfield code="a">633.88</subfield>
    <subfield code="b">&#x936;&#x930;&#x94D;&#x92E;&#x93E;&#x930; </subfield>
  </datafield>
  <datafield tag="100" ind1=" " ind2=" ">
    <subfield code="a">&#x936;&#x930;&#x94D;&#x92E;&#x93E;, &#x930;&#x935;&#x93F;&#x928;&#x94D;&#x926;&#x94D;&#x930;</subfield>
    <subfield code="9">90610</subfield>
  </datafield>
  <datafield tag="245" ind1=" " ind2=" ">
    <subfield code="a">&#x914;&#x937;&#x927;&#x940;&#x92F; &#x90F;&#x935;&#x902; &#x938;&#x941;&#x917;&#x902;&#x927;&#x940;&#x92F; &#x92A;&#x94C;&#x927;&#x94B;&#x902; &#x915;&#x940; &#x915;&#x943;&#x937;&#x93F; &#x924;&#x915;&#x928;&#x940;&#x915; /</subfield>
    <subfield code="c">&#x930;&#x935;&#x93F;&#x928;&#x94D;&#x926;&#x94D;&#x930; &#x936;&#x930;&#x94D;&#x92E;&#x93E;</subfield>
  </datafield>
  <datafield tag="246" ind1=" " ind2=" ">
    <subfield code="a">Aushadhiye evam sugandhiye paudhon ki krishi takneek /</subfield>
    <subfield code="b">by Ravindra Sharma</subfield>
  </datafield>
  <datafield tag="260" ind1=" " ind2=" ">
    <subfield code="a">&#x926;&#x93F;&#x932;&#x94D;&#x932;&#x940; </subfield>
    <subfield code="b">&#x926;&#x92F;&#x93E; &#x92A;&#x92C;&#x94D;&#x932;&#x93F;&#x936;&#x93F;&#x902;&#x917; &#x939;&#x93E;&#x909;&#x938; </subfield>
    <subfield code="c">2002</subfield>
  </datafield>
  <datafield tag="270" ind1=" " ind2=" ">
    <subfield code="a">1123/74, &#x926;&#x947;&#x935;&#x93E; &#x930;&#x93E;&#x92E; &#x92A;&#x93E;&#x930;&#x94D;&#x915;, &#x924;&#x94D;&#x930;&#x93F;&#x928;&#x917;&#x930; </subfield>
    <subfield code="b">&#x926;&#x93F;&#x932;&#x94D;&#x932;&#x940;  </subfield>
    <subfield code="e">110035</subfield>
  </datafield>
  <datafield tag="300" ind1=" " ind2=" ">
    <subfield code="a">xiv,359&#x92A;&#x943;. :</subfield>
    <subfield code="c">24&#x938;&#x947;&#x92E;&#x940;(&#x938;&#x91C;&#x93F;&#x932;&#x94D;&#x926;)</subfield>
    <subfield code="b">&#x938;&#x91A;&#x93F;&#x924;&#x94D;&#x930; </subfield>
  </datafield>
  <datafield tag="500" ind1=" " ind2=" ">
    <subfield code="a">&#x905;&#x928;&#x941;&#x915;&#x94D;&#x930;&#x92E;&#x923;&#x93F;&#x915;&#x93E;  &#x936;&#x93E;&#x92E;&#x93F;&#x932;    </subfield>
  </datafield>
  <datafield tag="650" ind1=" " ind2=" ">
    <subfield code="a">&#x92B;&#x940;&#x932;&#x94D;&#x921; &#x914;&#x930; &#x935;&#x943;&#x915;&#x94D;&#x937;&#x93E;&#x930;&#x94B;&#x92A;&#x923; &#x915;&#x940; &#x92B;&#x938;&#x932;</subfield>
    <subfield code="9">90611</subfield>
  </datafield>
  <datafield tag="650" ind1=" " ind2=" ">
    <subfield code="a">&#x914;&#x937;&#x927;&#x940;&#x92F; &#x90F;&#x935;&#x902; &#x938;&#x941;&#x917;&#x902;&#x927;&#x940;&#x92F; &#x92A;&#x94C;&#x927;&#x94B;&#x902;--&#x915;&#x943;&#x937;&#x93F; &#x924;&#x915;&#x928;&#x940;&#x915;</subfield>
    <subfield code="9">90612</subfield>
  </datafield>
  <datafield tag="650" ind1=" " ind2=" ">
    <subfield code="a">Field and plantation crops</subfield>
    <subfield code="9">90613</subfield>
  </datafield>
  <datafield tag="650" ind1=" " ind2=" ">
    <subfield code="a">Medicinal and Aromatic Plants--Agricultural technology</subfield>
    <subfield code="9">90614</subfield>
  </datafield>
  <datafield tag="942" ind1=" " ind2=" ">
    <subfield code="2">ddc</subfield>
    <subfield code="c">HN</subfield>
    <subfield code="h">633.88</subfield>
    <subfield code="m">&#x936;&#x930;&#x94D;&#x92E;&#x93E;&#x930; </subfield>
  </datafield>
  <datafield tag="999" ind1=" " ind2=" ">
    <subfield code="c">120472</subfield>
    <subfield code="d">120472</subfield>
  </datafield>
  <datafield tag="952" ind1=" " ind2=" ">
    <subfield code="0">0</subfield>
    <subfield code="1">0</subfield>
    <subfield code="2">ddc</subfield>
    <subfield code="4">0</subfield>
    <subfield code="7">0</subfield>
    <subfield code="a">L</subfield>
    <subfield code="b">L</subfield>
    <subfield code="d">2015-09-23</subfield>
    <subfield code="e">Cen Lib/Ret</subfield>
    <subfield code="g">0.00</subfield>
    <subfield code="l">12</subfield>
    <subfield code="o">633.88 &#x936;&#x930;&#x94D;&#x92E;&#x93E;&#x930;</subfield>
    <subfield code="p">B-072789</subfield>
    <subfield code="r">2023-12-28 00:00:00</subfield>
    <subfield code="s">2023-12-14</subfield>
    <subfield code="t">1</subfield>
    <subfield code="v">0.00</subfield>
    <subfield code="w">2015-09-23</subfield>
    <subfield code="y">HN</subfield>
  </datafield>
  <datafield tag="952" ind1=" " ind2=" ">
    <subfield code="0">0</subfield>
    <subfield code="1">0</subfield>
    <subfield code="2">ddc</subfield>
    <subfield code="4">0</subfield>
    <subfield code="7">0</subfield>
    <subfield code="a">L</subfield>
    <subfield code="b">L</subfield>
    <subfield code="d">2016-10-25</subfield>
    <subfield code="e">Cen Lib/Ret</subfield>
    <subfield code="g">0.00</subfield>
    <subfield code="l">4</subfield>
    <subfield code="m">1</subfield>
    <subfield code="o">633.88 &#x936;&#x930;&#x94D;&#x92E;&#x93E;&#x930;</subfield>
    <subfield code="p">B-072793</subfield>
    <subfield code="r">2019-07-26 00:00:00</subfield>
    <subfield code="s">2019-07-13</subfield>
    <subfield code="t">2</subfield>
    <subfield code="v">0.00</subfield>
    <subfield code="w">2016-10-25</subfield>
    <subfield code="y">HN</subfield>
  </datafield>
</record>
